000 00476nam a2200181Ia 4500
005 20250508162608.0
008 008 250505s9999 xx 000 0 hin d
037 _aTextual
040 _aFEDL
_beng
_cFEDL
041 _ahin
_2eng
084 _aFH, BHA
_qFEDL
100 _aBhandari Mannu Ed.
_9409162
245 0 _aApane se pare
260 _aJaipur, India
_bChinmey Prakashan
_c1981
300 _a269p
942 _cTEXL
_hFH, BHA
999 _c1377540
_d1377540